<?xml version="1.0" encoding="UTF-8"?>
<marc:record xmlns:marc="http://www.loc.gov/MARC21/slim">
   <marc:leader>00000nam a2200000 a 4500</marc:leader>
   <marc:datafield ind1="1" ind2=" " tag="100">
      <marc:subfield code="a">RECLAMS Weihnachtsbuch</marc:subfield>
      <marc:subfield code="4">aut</marc:subfield>
      <marc:subfield code="e">Verfasser/-in</marc:subfield>
   </marc:datafield>
   <marc:datafield ind1="1" ind2=" " tag="100">
      <marc:subfield code="a">KORANYI, Stephan-Hg.</marc:subfield>
      <marc:subfield code="4">aut</marc:subfield>
      <marc:subfield code="e">Verfasser/-in</marc:subfield>
   </marc:datafield>
   <marc:datafield ind1="0" ind2="0" tag="245">
      <marc:subfield code="a">Reclams Weihnachtsbuch</marc:subfield>
   </marc:datafield>
   <marc:datafield ind1="0" ind2="0" tag="245">
      <marc:subfield code="b">Erzählungen, Lieder, Gedichte, Briefe, Betrachtungen</marc:subfield>
   </marc:datafield>
   <marc:datafield ind1="0" ind2="0" tag="245">
      <marc:subfield code="c">RECLAMS Weihnachtsbuch</marc:subfield>
   </marc:datafield>
   <marc:datafield ind1=" " ind2="1" tag="264">
      <marc:subfield code="a">Stuttgart</marc:subfield>
      <marc:subfield code="b">Reclam</marc:subfield>
      <marc:subfield code="c">1988</marc:subfield>
   </marc:datafield>
   <marc:datafield ind1="1" ind2=" " tag="520">
      <marc:subfield code="a">5 biblischen Texten folgen über 80 Geschichten, Betrachtungen, Gedichte, Lieder und Briefe zum weihnachtlichen Besinnen, zum Schmökern und Vorlesen.
Auf 5 biblische Texte folgen über 80 sorgfältig ausgewählte und abwechslungsreiche Geschichten, Gedichte, Lieder (mit Noten), Betrachtungen, Briefe. Altbekanntes mischt sich mit Neuem: H. C. Andersens "Tannenbaum" oder O. Henrys "Geschenk der Weisen" neben M. L. Kaschnitz' "Wunder" und, aus dem Rahmen fallend, eine Sherlock-Holmes-Geschichte von A. C. Doyle. Das Buch schliesst mit K. A. Odins Betrachtung "Die Geschichte unseres Weihnachtsfestes". Ein sinnvolles Verzeichnis ordnet die Texte nach Gattungen. Dieses zumeist auf Altbewährtes zurückgreifende Weihnachtsbuch - vielfältiger als die vergleichbare Manesse-Sammlung (BA 2/88)- eignet sich hervorragend zum weihnachtlichen Besinnen, Schmökern, Vorlesen. Mit Autorenverzeichnis und wenigen Schwarzweissabbildungen. - Allen empfohlen.
Quelle: EKZ  ( Systematik: SL )</marc:subfield>
   </marc:datafield>
   <marc:datafield ind1=" " ind2=" " tag="020">
      <marc:subfield code="a">9783150103524</marc:subfield>
      <marc:subfield code="9">9783150103524</marc:subfield>
   </marc:datafield>
   <marc:datafield ind1=" " ind2=" " tag="020">
      <marc:subfield code="a">3150103525</marc:subfield>
      <marc:subfield code="9">3150103525</marc:subfield>
   </marc:datafield>
   <marc:datafield ind1=" " ind2=" " tag="041">
      <marc:subfield code="a">ger</marc:subfield>
   </marc:datafield>
   <marc:datafield ind1=" " ind2=" " tag="338">
      <marc:subfield code="a">Band</marc:subfield>
   </marc:datafield>
   <marc:datafield ind1=" " ind2=" " tag="300">
      <marc:subfield code="a">422 S.</marc:subfield>
   </marc:datafield>
</marc:record>
